Možnosti ošetrenia strelného poranenia pečene

Bibliographic Details
Main Authors: Kutarňa, Juraj (Author), Huťan, Martin, 1951-2012 (Author), Zelenák, J. (Author)
Format: Article
Language:Slovak
Subjects:

MARC

LEADER 00000nab a2200000 a 4500
001 vtls000779378
003 SK-MaSNL
005 20260304220151.0
008 160324c2001 xo 0 slo
015 |a SNBRB2002/02-03659 
035 |a CLN000131144 
040 |a SNKBUCL  |b slo  |c SNKBUCL  |e AACR2 
041 0 |a slo 
044 |a xo  |c SK 
080 |a 616.36-001.45-089  |2 1997 
100 1 |a Kutarňa, Juraj  |4 aut  |9 12260 
245 1 0 |a Možnosti ošetrenia strelného poranenia pečene  |c J. Kutarňa, M. Huťan, J. Zelenák 
246 1 1 |a Possible treatment of gunshot wounds of the liver 
300 |b Obr., tab. 
504 |a Res. angl., slov. 
504 |a Bibliogr. odkazy 
650 0 7 |a pečeň  |x poranenie  |x chirurgia  |2 snkbucl  |9 1551493 
650 0 7 |a rana strelná  |x pečeň  |x ošetrenie  |x chirurgia  |2 snkbucl  |9 1551494 
650 0 7 |a poranenie abdominálne  |x chirurgia  |2 snkbucl  |9 1551495 
650 0 7 |a pečeň  |x poranenia  |x chirurgia  |2 snkbucl  |9 1551496 
650 0 7 |a rany strelné  |x ošetrovanie  |x chirurgia  |x komplikácie  |2 snkbucl  |9 1551497 
650 0 7 |a poranenia abdominálne  |x chirurgia  |2 snkbucl  |9 1138701 
655 7 |a články z novín a časopisov  |2 snkbucl  |9 267496 
700 1 |a Huťan, Martin,  |d 1951-2012  |4 aut  |9 224494 
700 1 |a Zelenák, J.  |4 aut  |9 725834 
773 0 |x 0035-9351  |t Rozhledy v chirurgii  |g Roč. 80, č. 8 (2001), s. 412-415 
850 |a Slovenská národná knižnica v Martine 
852 |a SNK  |b KIS3GCP 
958 |a MI 
958 |a NB 
999 |c 3150430  |d 3152360